Loading...
Literature - American Literature | 0 | 8 | 0 | 2 | 80 | 89 | 125.13 | 0 | 5 |
Literature - European Literature | 0 | 7 | 0 | 1 | 70 | 96 | 118.71 | 1 | 6 |
Literature - World Literature | 0 | 7 | 0 | 0 | 70 | 83 | 107.57 | 2 | 7 |
Literature - British Literature | 0 | 6 | 0 | 1 | 60 | 81 | 125.67 | 1 | 5 |
Other | 0 | 3 | 0 | 0 | 30 | 43 | 60.33 | 3 | 3 |
Science - Biology | 0 | 2 | 0 | 0 | 20 | 115 | 116.00 | 0 | 1 |
Science - Chemistry | 0 | 2 | 0 | 1 | 20 | 128 | 129.50 | 0 | 1 |
Science - Physics | 0 | 1 | 0 | 1 | 10 | 124 | 124.00 | 0 | 0 |
Mythology | 0 | 1 | 0 | 0 | 10 | 105 | 105.00 | 1 | 1 |
Science - Other Science | 0 | 1 | 0 | 0 | 10 | 72 | 72.00 | 1 | 1 |
Fine Arts - Other Fine Arts | 0 | 1 | 0 | 0 | 10 | 99 | 99.00 | 0 | 1 |